Las colecciones del Palacio Barberini en Roma, del Renacimiento al siglo XIX. Vidrios mayólicas, cofrecitos, trajes. (Record no. 11021)

MARC details
000 -CABECERA
campo de control de longitud fija 01360nam a22002777a 4500
001 - NÚMERO DE CONTROL
campo de control BRCA_9399
003 - IDENTIFICADOR DEL NÚMERO DE CONTROL
campo de control FranzMayer
005 - FECHA Y HORA DE LA ÚLTIMA TRANSACCIÓN
campo de control 20230918125118.0
008 - DATOS DE LONGITUD FIJA--INFORMACIÓN GENERAL
campo de control de longitud fija 230904b |||||||| |||| 00| 0 eng d
020 ## - NÚMERO INTERNACIONAL ESTÁNDAR DEL LIBRO
Número Internacional Estándar del Libro 8870384225
040 ## - FUENTE DE LA CATALOGACIÓN
Centro catalogador/agencia de origen MFM
Lengua de catalogación ESPAÑOL
Centro/agencia transcriptor MFM
050 #0 - SIGNATURA TOPOGRÁFICA DE LA BIBLIOTECA DEL CONGRESO
Número de clasificación N2815
Número de documento/Ítem C46 2005
110 1# - ENTRADA PRINCIPAL--NOMBRE DE ENTIDAD CORPORATIVA
Código de función/relación Responsable
Nombre de entidad corporativa o nombre de jurisdicción como elemento de entrada Centro Di
9 (RLIN) 29531
240 ## - TÍTULO UNIFORME
Título uniforme Las colecciones del Palacio Barberini en Roma, del Renacimiento al siglo XIX. Vidrios mayólicas, cofrecitos, trajes.
Medio Le collezioni di Palazzo Barberini in Roma dal Rinascimento al secolo XIX. Vetri, Mailiche, cofanetti, costumi
Lenguaje de la obra Español/Italiano
245 0# - MENCIÓN DE TÍTULO
Título Las colecciones del Palacio Barberini en Roma, del Renacimiento al siglo XIX. Vidrios mayólicas, cofrecitos, trajes.
Resto del título Le collezioni di Palazzo Barberini in Roma dal Rinascimento al secolo XIX. Vetri, Mailiche, cofanetti, costumi
260 ## - PUBLICACIÓN, DISTRIBUCIÓN, ETC.
Lugar de publicación, distribución, etc. Monterrey, México
Nombre del editor, distribuidor, etc. Centro Di
Fecha de publicación, distribución, etc. 2005
300 ## - DESCRIPCIÓN FÍSICA
Extensión 141 p
Otras características físicas Ilustraciones a color
Dimensiones 29 cm
500 ## - NOTA GENERAL
Nota general Anexo 1
505 ## - NOTA DE CONTENIDO CON FORMATO
Nota de contenido con formato Texto en: español e italianoDirigido a: artistas, historiadores de arte
650 1# - PUNTO DE ACCESO ADICIONAL DE MATERIA--TÉRMINO DE MATERIA
Fuente del encabezamiento o término Artes visuales
Término de materia o nombre geográfico como elemento de entrada Museos, galerías
Subdivisión de forma Exposiciones
9 (RLIN) 29532
651 2# - PUNTO DE ACCESO ADICIONAL DE MATERIA--NOMBRE GEOGRÁFICO
Fuente del encabezamiento o término Italia
Nombre geográfico Roma
Subdivisión de forma Palacio Barberini
9 (RLIN) 29533
700 1# - PUNTO DE ACCESO ADICIONAL--NOMBRE DE PERSONA
Código de función/relación Fot.
Nombre de persona Schiavinotto, Giuseppe
9 (RLIN) 29534
700 1# - PUNTO DE ACCESO ADICIONAL--NOMBRE DE PERSONA
Código de función/relación Trad.
Nombre de persona López Villafranco Cristina
9 (RLIN) 29535
700 1# - PUNTO DE ACCESO ADICIONAL--NOMBRE DE PERSONA
Código de función/relación Trad.
Nombre de persona Zagato, Dianora
9 (RLIN) 29536
942 ## - ELEMENTOS DE PUNTO DE ACCESO ADICIONAL (KOHA)
Fuente del sistema de clasificación o colocación Library of Congress Classification
Tipo de ítem Koha Libros
Holdings
Estado de retiro Estado de pérdida Fuente del sistema de clasificación o colocación Estado dañado No para préstamo Código de colección Localización permanente Ubicación/localización actual Fecha de adquisición Total de préstamos Signatura topográfica completa Código de barras Fecha visto por última vez Precio válido a partir de Tipo de ítem Koha
El ejemplar forma parte de la colección y puede ser consultado según las políticas vigentes.   Library of Congress Classification     Fondo Contemporáneo Biblioteca del Museo Franz Mayer (Rogerio Casas-Alatriste) Biblioteca del Museo Franz Mayer (Rogerio Casas-Alatriste) 04/09/2023   N2815 C46 2005 CONT10169 04/09/2023 04/09/2023 Libros